Statistics for Warhammer 40,000 Weapons of the Imperium

Click here to take the quiz!

General Stats

  • This quiz has been taken 147 times
    (129 since last reset)
  • The average score is 3 of 6

Answer Stats

HintAnswer% Correct
Standard issue Imperial Guard weaponLasgun
94%
Standard space marine weaponBolter
90%
Common handheld anti-vehicleMelta
59%
Melee Weapon commonly carried by Space Marine Captains and CommisarsPower Sword
47%
Type of weapon commonly used by psykersForce Weapons
5%
Main weapon of the Leman Russ ExecutionerPlasma Executioner
1%

Score Distribution

Percentile by Number Answered

Percent of People with Each Score

Your Score History

You have not taken this quiz since the last reset